Ariana Grande Sweetener World Tour Stops - Statistics

General Stats
  • This quiz has been taken 191 times
  • The average score is 27 of 67
Answer Stats
Venue Date Location City % Correct
Madison Square Garden June 18,19 New York, USA New York City
89%
Staples Center May 6,7 California, USA Los Angeles
79%
The O2 Arena August 17,19,20 England, UK London
75%
AccorHotels Arena August 27,28 France Paris
71%
American Airlines Arena May 31, June 1 Florida, USA Miami
61%
T-Mobile Arena May 11 Nevada, USA Las Vegas
59%
Ziggo Dome August 23,24 Netherlands Amsterdam
58%
Ziggo Dome September 11 Netherlands Amsterdam
58%
Times Union Center March 18 New York, USA Albany
57%
Mercedes-Benz Arena October 10 Germany Berlin
57%
TD Garden March 20 Massachusetts, USA Boston
57%
TD Garden Arena June 22 Massachusetts, USA Boston
57%
Scotiabank Arena April 3 Ontario, Canada Toronto
56%
Scotiabank Arena June 26 Ontario, Canada Toronto
56%
Wells Fargo Arena March 26 Pennsylvania, USA Philadelphia
54%
Wells Fargo Center June 24 Pennsylvania, USA Philadelphia
54%
Toyota Center May 19 Texas, USA Houston
52%
American Airlines Center May 21 Texas, USA Dallas
51%
Capital One Arena March 25 District of Columbia, USA Washington
51%
Capital One Arena June 21 District of Columbia, USA Washington
51%
United Center June 4,5 Illinois, USA Chicago
49%
Wiener Stadthalle September 3 Austria Vienna
48%
3Arena September 22,23,25 Ireland Dublin
47%
Bell Centre April 1 Quebec, Canada Montreal
47%
Telenor Arena October 3 Norway Oslo
47%
Ericsson Globe October 7 Sweden Stockholm
44%
Amway Center May 29 Florida, USA Orlando
42%
Talking Stick Resort Arena May 14 Arizona, USA Phoenix
42%
O2 Arena September 8 Czech Republic Prague
40%
State Farm Arena June 8 Georgia, USA Atlanta
39%
Hartwall Arena October 5 Finland Helsinki
39%
PPG Paints Arena June 12 Pennsylvania, USA Pittsburgh
39%
KeyBank Center March 22 New York, USA Buffalo
38%
SSE Hydro September 17 Scotland, UK Glasgow
36%
Rogers Arena April 27 British Columbia, Canada Vancouver
36%
Royal Arena October 1 Denmark Copenhagen
35%
Vivint Smart Home Arena July 13 Utah, USA Salt Lake City
35%
Pepsi Center July 11 Colorado, USA Denver
34%
Little Caesars Arena April 5 Michigan, USA Detroit
34%
Golden 1 Center May 3 California, USA Sacramento
34%
Arena Birmingham September 14,15 England, UK Birmingham
33%
Hallenstadion October 13 Switzerland Zurich
33%
Quicken Loans Arena March 28 Ohio, USA Cleveland
32%
Lanxess Arena September 1 Germany Cologne
32%
Amalie Arena May 28 Florida, USA Tampa
32%
Moda Center April 30 Oregon, USA Portland
31%
Sportpaleis August 30 Belgium Antwerp
30%
Barclaycard Arena September 5 Germany Hamburg
30%
Barclaycard Arena September 28 Germany Hamburg
30%
Smoothie King Center May 25 Louisiana, USA New Orleans
30%
Chesapeake Energy Arena May 23 Oklahoma, USA Oklahoma City
30%
Spectrum Center June 10 North Carolina, USA Charlotte
29%
Rogers Place April 25 Alberta, Canada Edmonton
28%
AT&T Center May 17 Texas, USA San Antonio
28%
Schottenstein Center July 1 Ohio, USA Columbus
27%
Xcel Energy Center July 8 Minnesota, USA St. Paul
27%
Barclays Center June 14,15 New York, USA Brooklyn
26%
Bankers Life Fieldhouse June 29 Indiana, USA Indianapolis
26%
Enterprise Center July 6 Missouri, USA St. Louis
26%
Tauron Arena September 9 Poland Krakow
25%
Bridgestone Arena June 7 Tennessee, USA Nashville
25%
SAP Center May 2 California, USA San Jose
25%
The Forum May 10 California, USA Inglewood
23%
Empire Polo Club April 14, 21 California, USA Indio
19%
Fiserv Forum July 5 Wisconsin, USA Milwaukee
18%
Mohegan Sun Arena March 30 Connecticut, USA Uncasville
16%
FlyDSA Arena September 19 England, UK Sheffield
14%
No matching quizzes found
Score Distribution
Percent of People with Each Score
Percentile by Number Answered
Your Score History
You have not taken this quiz